The ancient capital Memphis series from the flourish to the decline (3100 BC to 640 AD) : a historical, cultural, and archaeological study /

محفوظ في:

المؤلف الرئيسي: El-Sharkawy, Basem Samir (مؤلف)

التنسيق: كتاب

اللغة: Arabic

منشور في: Cairo : [CEDAE], 2007-

الموضوعات:

الوسوم: إضافة وسم

لا توجد وسوم, كن أول من يضع وسما على هذه التسجيلة!

رقم الطلب: DT73 .M5 E5 v.1

LEADER 00788nam a22002297a 4500
003 OSt
005 20251209092041.0
008 251209t2007 ua a g 000 0 ara d
040 |c ARCE Library 
041 0 |a ara  
043 |a f-ua--- 
050 1 4 |a DT73 .M5  |b E5 v.1 
100 1 |a El-Sharkawy, Basem Samir,  |e author 
245 1 4 |6 880-02  |a The ancient capital Memphis series from the flourish to the decline (3100 BC to 640 AD) :   |b a historical, cultural, and archaeological study /   |c Basem Samir El-Sharkawy. 
264 1 |a Cairo :   |b [CEDAE],   |c 2007- 
300 |a 467 pages :   |b ill. ;   |c 29 cm. 
500 |a In Arabic. 
505 0 |a [1] Memphis: the city of gods and goddesses in Ancient Egypt.  
651 0 |a Memphis (Extinct city) 
901 |a reviewed 
942 |c BK  |2 lcc 
999 |c 17603  |d 17603